书目信息 |
| 题名: |
国史导读
|
|
| 作者: | 张先浩 主编 | |
| 分册: | ||
| 出版信息: | 成都 电子科技大学出版社 1999 |
|
| 页数: | 342页 | |
| 开本: | 20cm | |
| 丛书名: | ||
| 单 册: | ||
| 中图分类: | K220.9 , K257.06 | |
| 科图分类: | ||
| 主题词: | 古代史 , 近代史 | |
| 电子资源: | ||
| ISBN: | 7-81065-102-1 | |
| 000 | 00949nam0 2200289 45 | |
| 001 | 0120066006414 | |
| 005 | 20070709154202.21 | |
| 010 | @a7-81065-102-1@dCNY27.50 | |
| 092 | @aCN@b496092 | |
| 100 | @a20060612e20051999em y0chiy0120 ea | |
| 101 | 0 | @achi |
| 102 | @aCN@b510000 | |
| 105 | @ay z 000yy | |
| 200 | 1 | @a国史导读@Aguo shi dao du@f张先浩[等]主编@Fzhang xian hao [ deng ] zhu bian |
| 210 | @a成都@c电子科技大学出版社@d1999@h2005重印 | |
| 215 | @a342页@d20cm | |
| 330 | @a本书共分为近代部分和古代部分两部分来对书中的主要内容进行了详细的论述,其中包括:“原始社会:浑沌初开”、“春秋战国:诸侯争霸”、“封建社会早期:秦汉大一统”等等。 | |
| 606 | 0 | @a古代史 |
| 606 | 0 | @a近代史 |
| 607 | @a中国 | |
| 607 | @a中国@x古代史@j通俗读物 | |
| 607 | @a中国@x近代史@j通俗读物 | |
| 690 | @aK220.9@v4 | |
| 690 | @aK257.06@v4 | |
| 701 | 0 | @a张先浩@Azhang xian hao@4主编 |
| 801 | 0 | @aCN@bLZJBOOK@c20070709 |
| 905 | @a10447@dK220.9@e48 | |
| 国史导读/张先浩[等]主编.-成都:电子科技大学出版社,1999(2005重印) |
| 342页;20cm |
| ISBN 7-81065-102-1:CNY27.50 |
| 本书共分为近代部分和古代部分两部分来对书中的主要内容进行了详细的论述,其中包括:“原始社会:浑沌初开”、“春秋战国:诸侯争霸”、“封建社会早期:秦汉大一统”等等。 |
| ● |
| 相关链接 |
|
|
|
|
正题名:国史导读
索取号:K220.9/48
 
预约/预借
| 序号 | 登录号 | 条形码 | 馆藏地/架位号 | 状态 | 备注 |
| 1 | 0554553 | 205545533 | 第二样本阅览室/ [索取号:K220.9/48] | 在馆 | |
| 2 | 0554554 | 205545542 | 第二借阅区/ [索取号:K220.9/48] | 在馆 | |
| 3 | 0554555 | 205545551 | 第二借阅区/ [索取号:K220.9/48] | 在馆 | |
| 4 | 0554556 | 205545560 | 第二借阅区/ [索取号:K220.9/48] | 在馆 | |
| 5 | 0554557 | 205545579 | 第二借阅区/ [索取号:K220.9/48] | 在馆 | |
| 6 | 0554558 | 205545588 | 第二借阅区/ [索取号:K220.9/48] | 在馆 | |
| 7 | 0554559 | 205545597 | 第二借阅区/ [索取号:K220.9/48] | 在馆 | |
| 8 | 0554560 | 205545604 | 第二借阅区/ [索取号:K220.9/48] | 在馆 |